Signo de contradicción : meditaciones / Karol Wojtyla ; Vicente Manuel Fernández Hernández, traducción

Αποθηκεύτηκε σε:
Λεπτομέρειες βιβλιογραφικής εγγραφής
Κύριος συγγραφέας: Wojtyla, Karol (autor)
Άλλοι συγγραφείς: I.Fernández Hernández, Vicente Manuel (autor) (autor)
Μορφή: Βιβλίο
Έκδοση:5a edición
Σειρά:BAC Minor ; v. 50
Θέματα:
Ετικέτες: Προσθήκη ετικέτας
Δεν υπάρχουν, Καταχωρήστε ετικέτα πρώτοι!

MARC

LEADER 00000nam^a2200000^u^4500
001 000544499
005 20250521000000.0
008 060220s1000^^^^^^^^^^^^r^^^^^000^0^spa^d
009 20260310131328.983
022 |a 8479146613 
035 |a FMI 000013689 
037 |a Acervo Xavier Clavigero 
096 |a 4.2/123/A 
100 |a Wojtyla, Karol  |e (autor) 
245 1 0 |a Signo de contradicción : meditaciones / Karol Wojtyla ; Vicente Manuel Fernández Hernández, traducción 
250 |a 5a edición 
264 |a Madrid : Biblioteca de Autores Cristianos 
300 |a xviii, 264 p. 
336 |a texto  |b txt  |2 rdacontenido 
337 |a sin mediación  |b n  |2 rdamedio 
338 |a volumen  |b nc  |2 rdasoporte 
440 0 |a BAC Minor ; v. 50 
597 |a Traducido de: Segno di contraddizione 
649 |a XX 
650 |a Espiritualidad Moderna 
700 |a I.Fernández Hernández, Vicente Manuel  |e (autor) 
910 |a Fondo Francisco Migoya Covarrubias S.J. 
920 |a Impresos - Libros 
930 |a Fondos Especiales 
905 |a 134 
901 |a SBC25903  |b IT2  |c ESP  |u 20250521 
902 |a https://opac.biblio.iteso.mx/vufind/Record/000544499